<?xml version="1.0" encoding="UTF-8"?>
<record
    xmlns:xsi="http://www.w3.org/2001/XMLSchema-instance"
    xsi:schemaLocation="http://www.loc.gov/MARC21/slim http://www.loc.gov/standards/marcxml/schema/MARC21slim.xsd"
    xmlns="http://www.loc.gov/MARC21/slim">

  <leader>00942cam a22002291a 4500</leader>
  <controlfield tag="003">OSt</controlfield>
  <controlfield tag="005">20150408113927.0</controlfield>
  <controlfield tag="008">060131s2003    ts     g      000 0 ara c</controlfield>
  <datafield tag="040" ind1=" " ind2=" ">
    <subfield code="a">MU</subfield>
    <subfield code="b">ara</subfield>
    <subfield code="c">MB</subfield>
  </datafield>
  <datafield tag="050" ind1="4" ind2=" ">
    <subfield code="a">BP135. A2.</subfield>
    <subfield code="b">I2632 2003</subfield>
  </datafield>
  <datafield tag="082" ind1="0" ind2=" ">
    <subfield code="a">232.64</subfield>
    <subfield code="2">21</subfield>
  </datafield>
  <datafield tag="100" ind1="1" ind2=" ">
    <subfield code="a">&#x627;&#x628;&#x646; &#x627;&#x644;&#x62C;&#x648;&#x632;&#x64A;&#x60C; &#x639;&#x628;&#x62F; &#x627;&#x644;&#x631;&#x62D;&#x645;&#x646; &#x628;&#x646; &#x639;&#x644;&#x64A; &#x628;&#x646; &#x645;&#x62D;&#x645;&#x62F;&#x60C;</subfield>
    <subfield code="d">508-597 &#x647;&#x640;.</subfield>
    <subfield code="9">5110</subfield>
  </datafield>
  <datafield tag="245" ind1="1" ind2="2">
    <subfield code="a">&#x627;&#x644;&#x645;&#x648;&#x636;&#x648;&#x639;&#x627;&#x62A; :</subfield>
    <subfield code="b">&#x62F;&#x631;&#x627;&#x633;&#x629; &#x648;&#x62A;&#x62D;&#x642;&#x64A;&#x642;&#x627; &#x648;&#x62A;&#x631;&#x62C;&#x645;&#x629; /</subfield>
    <subfield code="c">&#x623;&#x628;&#x648; &#x627;&#x644;&#x641;&#x631;&#x62C; &#x639;&#x628;&#x62F; &#x627;&#x644;&#x631;&#x62D;&#x645;&#x646; &#x628;&#x646; &#x639;&#x644;&#x64A; &#x628;&#x646; &#x645;&#x62D;&#x645;&#x62F; &#x628;&#x646; &#x627;&#x644;&#x62C;&#x648;&#x632;&#x64A; &#x61B; &#x62A;&#x62D;&#x642;&#x64A;&#x642; &#x645;&#x62D;&#x645;&#x648;&#x62F; &#x623;&#x62D;&#x645;&#x62F; &#x627;&#x644;&#x642;&#x64A;&#x633;&#x64A;&#x629;.</subfield>
  </datafield>
  <datafield tag="250" ind1=" " ind2=" ">
    <subfield code="a">&#x637;. 3.</subfield>
  </datafield>
  <datafield tag="260" ind1=" " ind2=" ">
    <subfield code="a">&#x623;&#x628;&#x648; &#x638;&#x628;&#x64A; :</subfield>
    <subfield code="b">&#x645;&#x624;&#x633;&#x633;&#x629; &#x627;&#x644;&#x646;&#x62F;&#x627;&#x621;&#x60C;</subfield>
    <subfield code="c">2003</subfield>
  </datafield>
  <datafield tag="300" ind1=" " ind2=" ">
    <subfield code="a">4 &#x62C;.</subfield>
  </datafield>
  <datafield tag="650" ind1=" " ind2="7">
    <subfield code="a">&#x627;&#x644;&#x62D;&#x62F;&#x64A;&#x62B; &#x627;&#x644;&#x645;&#x648;&#x636;&#x648;&#x639;</subfield>
    <subfield code="2">aucsh</subfield>
  </datafield>
  <datafield tag="650" ind1=" " ind2="7">
    <subfield code="a">&#x627;&#x644;&#x62D;&#x62F;&#x64A;&#x62B;</subfield>
    <subfield code="x">&#x625;&#x633;&#x646;&#x627;&#x62F;</subfield>
    <subfield code="2">aucsh</subfield>
  </datafield>
  <datafield tag="650" ind1=" " ind2="7">
    <subfield code="a">&#x627;&#x644;&#x62D;&#x62F;&#x64A;&#x62B;</subfield>
    <subfield code="x">&#x627;&#x644;&#x62C;&#x631;&#x62D; &#x648;&#x627;&#x644;&#x62A;&#x639;&#x62F;&#x64A;&#x644;</subfield>
    <subfield code="2">aucsh</subfield>
    <subfield code="9">110</subfield>
  </datafield>
  <datafield tag="700" ind1="1" ind2=" ">
    <subfield code="a">&#x627;&#x644;&#x642;&#x64A;&#x633;&#x64A;&#x629;&#x60C; &#x645;&#x62D;&#x645;&#x648;&#x62F; &#x623;&#x62D;&#x645;&#x62F;</subfield>
    <subfield code="e">&#x645;&#x62D;&#x642;&#x642;.</subfield>
    <subfield code="9">5111</subfield>
  </datafield>
  <datafield tag="942" ind1=" " ind2=" ">
    <subfield code="2">ddc</subfield>
    <subfield code="c">BOOK</subfield>
  </datafield>
  <datafield tag="999" ind1=" " ind2=" ">
    <subfield code="c">15675</subfield>
    <subfield code="d">250175</subfield>
  </datafield>
  <datafield tag="952" ind1=" " ind2=" ">
    <subfield code="1">0</subfield>
    <subfield code="2">2013-03-10</subfield>
    <subfield code="4">0</subfield>
    <subfield code="7">0</subfield>
    <subfield code="a">232.64 &#x645;&#x62C;1 &#x62C; &#x639; &#x645;</subfield>
    <subfield code="d">2011-10-04</subfield>
    <subfield code="h">CL</subfield>
    <subfield code="i">00069604</subfield>
    <subfield code="m">CL</subfield>
    <subfield code="r">2013-03-10 00:00:00</subfield>
    <subfield code="t">BOOK</subfield>
    <subfield code="w">ddc</subfield>
    <subfield code="y">0</subfield>
  </datafield>
  <datafield tag="952" ind1=" " ind2=" ">
    <subfield code="1">0</subfield>
    <subfield code="2">2013-03-10</subfield>
    <subfield code="4">0</subfield>
    <subfield code="7">0</subfield>
    <subfield code="a">232.64 &#x645;&#x62C;1 &#x62C; &#x639; &#x645;</subfield>
    <subfield code="d">2011-10-04</subfield>
    <subfield code="h">CL</subfield>
    <subfield code="i">00069600</subfield>
    <subfield code="m">CL</subfield>
    <subfield code="r">2013-03-10 00:00:00</subfield>
    <subfield code="t">BOOK</subfield>
    <subfield code="w">ddc</subfield>
    <subfield code="y">0</subfield>
  </datafield>
  <datafield tag="952" ind1=" " ind2=" ">
    <subfield code="1">0</subfield>
    <subfield code="2">2013-03-10</subfield>
    <subfield code="4">0</subfield>
    <subfield code="7">0</subfield>
    <subfield code="a">232.64 &#x645;&#x62C;2 &#x62C; &#x639; &#x645;</subfield>
    <subfield code="d">2011-10-04</subfield>
    <subfield code="h">CL</subfield>
    <subfield code="i">00069603</subfield>
    <subfield code="m">CL</subfield>
    <subfield code="r">2013-03-10 00:00:00</subfield>
    <subfield code="t">BOOK</subfield>
    <subfield code="w">ddc</subfield>
    <subfield code="y">0</subfield>
  </datafield>
  <datafield tag="952" ind1=" " ind2=" ">
    <subfield code="1">0</subfield>
    <subfield code="2">2013-03-10</subfield>
    <subfield code="4">0</subfield>
    <subfield code="7">0</subfield>
    <subfield code="a">232.64 &#x645;&#x62C;2 &#x62C; &#x639; &#x645;</subfield>
    <subfield code="d">2011-10-04</subfield>
    <subfield code="h">CL</subfield>
    <subfield code="i">00069599</subfield>
    <subfield code="m">CL</subfield>
    <subfield code="r">2013-03-10 00:00:00</subfield>
    <subfield code="t">BOOK</subfield>
    <subfield code="w">ddc</subfield>
    <subfield code="y">0</subfield>
  </datafield>
  <datafield tag="952" ind1=" " ind2=" ">
    <subfield code="1">0</subfield>
    <subfield code="2">2013-03-10</subfield>
    <subfield code="4">0</subfield>
    <subfield code="7">0</subfield>
    <subfield code="a">232.64 &#x645;&#x62C;3 &#x62C; &#x639; &#x645;</subfield>
    <subfield code="d">2011-10-04</subfield>
    <subfield code="h">CL</subfield>
    <subfield code="i">00069601</subfield>
    <subfield code="m">CL</subfield>
    <subfield code="r">2013-03-10 00:00:00</subfield>
    <subfield code="t">BOOK</subfield>
    <subfield code="w">ddc</subfield>
    <subfield code="y">0</subfield>
  </datafield>
  <datafield tag="952" ind1=" " ind2=" ">
    <subfield code="1">0</subfield>
    <subfield code="2">2013-03-10</subfield>
    <subfield code="4">0</subfield>
    <subfield code="7">0</subfield>
    <subfield code="a">232.64 &#x645;&#x62C;3 &#x62C; &#x639; &#x645;</subfield>
    <subfield code="d">2011-10-04</subfield>
    <subfield code="h">CL</subfield>
    <subfield code="i">00069598</subfield>
    <subfield code="m">CL</subfield>
    <subfield code="r">2013-03-10 00:00:00</subfield>
    <subfield code="t">BOOK</subfield>
    <subfield code="w">ddc</subfield>
    <subfield code="y">0</subfield>
  </datafield>
  <datafield tag="952" ind1=" " ind2=" ">
    <subfield code="1">0</subfield>
    <subfield code="2">2013-03-10</subfield>
    <subfield code="4">0</subfield>
    <subfield code="7">0</subfield>
    <subfield code="a">232.64 &#x645;&#x62C;3 &#x62C; &#x639; &#x645;</subfield>
    <subfield code="d">2011-10-04</subfield>
    <subfield code="h">CL</subfield>
    <subfield code="i">00069597</subfield>
    <subfield code="m">CL</subfield>
    <subfield code="r">2013-03-10 00:00:00</subfield>
    <subfield code="t">BOOK</subfield>
    <subfield code="w">ddc</subfield>
    <subfield code="y">0</subfield>
  </datafield>
  <datafield tag="952" ind1=" " ind2=" ">
    <subfield code="1">0</subfield>
    <subfield code="2">2013-03-10</subfield>
    <subfield code="4">0</subfield>
    <subfield code="7">0</subfield>
    <subfield code="a">232.64 &#x645;&#x62C;3 &#x62C; &#x639; &#x645;</subfield>
    <subfield code="d">2011-10-04</subfield>
    <subfield code="h">CL</subfield>
    <subfield code="i">00069602</subfield>
    <subfield code="m">CL</subfield>
    <subfield code="r">2013-03-10 00:00:00</subfield>
    <subfield code="t">BOOK</subfield>
    <subfield code="w">ddc</subfield>
    <subfield code="y">0</subfield>
  </datafield>
</record>
